LDR 00656naa#a2200193#i#450# 001 EN\\bibl\115883 005 20260418024125.6 011 ## _a2782-4586 100 ## _a20260331b2026####ek#y0engy0150####ca 102 ## _aRU 200 1# _aFeatures of the Bankruptcy of Legal Entities in Russia _eJournal article 210 1# _aMoscow _cITBO University _d2026 215 ## _a5 с. 608 ## _aJournal article _2local 675 ## _aФинансы. Банковское дело. Деньги и денежное обращение. 336 _z 700 #1 _aAkbasheva _gDiana Muhadinovna 700 #1 _aKorkmazova _gZarema Khalitovna 700 #1 _aAisanova _gAmalia Muratovna 856 4# _ajomeam.ru _u